Straßennamen im Kirchviertel - Statistiken

Allgemein
  • Dieses Quiz wurde 7 mal gespielt
  • Das Durchschnittsergebnis liegt bei 14 aus 24
Antwortstatistiken
Antwort % Korrekt
Biermannsweg
100%
Auf'm Bleck
75%
Brenscheder Straße
75%
Bruchstraße
75%
Universitätsstraße
75%
Wiemelhauser Straße
75%
Am Bleckmannshof
50%
Am Schußholz
50%
Borgholzstraße
50%
Stiepeler Straße
50%
Eisenstraße
50%
Flözstraße
50%
Förderstraße
50%
Glücksburger Straße
50%
Im Kempken
50%
Kampstraße
50%
Markstraße
50%
Möllersweg
50%
Richtstrecke
50%
Schlägelstraße
50%
Selbsthilfeweg
50%
Stollen
50%
Wetterstraße
50%
Rüsenacker
25%
Keine übereinstimmenden Quizze gefunden
Verteilung der Resultate
Anzahl Personen mit jedem Resultat
Perzentil nach korrekt beantworteten Fragen
Ihre Resultats-Entwicklung
Sie haben dieses Quiz noch nicht gespielt